000 00731nam a2200253 i 4500
001 C2-0258706
003 PPAK
005 20180727225300.0
008 041007s1999 nyu |||| ||||| | eng d
020 _a0195124448
040 _aPPAK
_beng
_cPPAK
_erda
082 0 4 _a547.7
_223
090 0 0 _a547.7
_bSTE
_dR
100 1 _aStevens, Malcolm P.,
_eauthor
245 1 0 _aPolymer chemistry :
_ban introduction
264 1 _aNew York :
_bOxford University Press ,
_c1999
300 _axix, 551 pages ;
_c24 cm
336 _2rdacontent
_atext
337 _2rdamedia
_aunmediated
338 _2rdacarrier
_avolume
500 _aIncludes bibliographical references and index
650 1 0 _aPolymers ; Polymerization
942 _ddc
_cB
999 _c70260
_d70260